00209pam a2200097 a 4500020000500000041000500005100002300010245003900033260003000072300000900102 c h aJ.B. Lal,eauthor. aForest Ecology hTextual Documents a[s.l]:bNatraj Publishers a322.